| 000 | 00438nam a2200193Ia 4500 | ||
|---|---|---|---|
| 008 | 170918s9999 xx 000 0 und d | ||
| 020 | _a9780545333658 | ||
| 050 | _bL965 2010 | ||
| 100 | _aLupica, Mike | ||
| 245 | 4 | _aThe batboy / | |
| 245 | _cMike Lupica. | ||
| 260 | _aNew York : | ||
| 260 | _bScholastic, | ||
| 260 | _c2010 | ||
| 300 | _a247 pages : | ||
| 300 | _bcolored illustration ; | ||
| 300 | _c19cm. | ||
| 500 | _a940 | ||
| 999 |
_c342283 _d342283 |
||